000 00379nam a22001457a 4500
005 20170909140145.0
008 170909b xxu||||| |||| 00| 0 eng d
020 _a978-81-203-3445-8
041 _aeng
100 _aPal,Nabendu,Sarkar Sahadeb
_93915
245 _aStatistics
_h[electronic resource]
260 _bPHI
300 _a1 CD-ROM
_eReceived along with book.
942 _cCD
999 _c5556
_d5554